Bancos, ingenios y esclavos en la época colonial / (Registro nro. 13681)

Detalles MARC
000 -LEADER
fixed length control field 01254nam a2200313 a 4500
001 - CONTROL NUMBER
control field
003 - CONTROL NUMBER IDENTIFIER
control field DO-SdBNP
005 - DATE AND TIME OF LATEST TRANSACTION
control field 20220701104209.0
008 - FIXED-LENGTH DATA ELEMENTS--GENERAL INFORMATION
fixed length control field 110331s1997 dr a 000 0 spa d
040 ## - CATALOGING SOURCE
Original cataloging agency DO-SdBNP
Language of cataloging spa
Transcribing agency BPMSU
082 ## - DEWEY DECIMAL CLASSIFICATION NUMBER
Classification number 332.97293
Item number J94b 1997
Edition number 22
100 1# - MAIN ENTRY--PERSONAL NAME
Personal name Julián, Amadeo
Dates associated with a name 1943-
245 10 - TITLE STATEMENT
Title Bancos, ingenios y esclavos en la época colonial /
Statement of responsibility, etc. Amadeo Julián.
260 ## - PUBLICATION, DISTRIBUTION, ETC. (IMPRINT)
Place of publication, distribution, etc. Santo Domingo :
Name of publisher, distributor, etc. Banco de Reservas de la República Dominicana,
Date of publication, distribution, etc. 1997.
300 ## - PHYSICAL DESCRIPTION
Extent 373, [2] p. :
Other physical details il. ;
Dimensions 24 cm.
490 0# - SERIES STATEMENT
Series statement BanReservas ;
-- Historia
Volume/sequential designation 4
500 ## - GENERAL NOTE
General note Incluye datos biográficos del autor en la solapa de la cubierta
504 ## - BIBLIOGRAPHY, ETC. NOTE
Bibliography, etc Incluye referencias bibliográficas y notas al pie de las páginas.
590 ## - LOCAL NOTE (RLIN)
Local note Inventariado, 2021/VM
650 #4 - SUBJECT ADDED ENTRY--TOPICAL TERM
Topical term or geographic name as entry element Bancos
General subdivision Historia
Geographic subdivision República Dominicana
Chronological subdivision 1500-1930
650 #4 - SUBJECT ADDED ENTRY--TOPICAL TERM
Topical term or geographic name as entry element Esclavitud en República Dominicana
General subdivision Historia
650 #4 - SUBJECT ADDED ENTRY--TOPICAL TERM
Topical term or geographic name as entry element Industria azucarera
Geographic subdivision República Dominicana
General subdivision Historia
Chronological subdivision 1500-1930
651 #4 - SUBJECT ADDED ENTRY--GEOGRAPHIC NAME
Geographic name República Dominicana
General subdivision Historia
Chronological subdivision Gobierno colonial español, 1511-1795
651 #4 - SUBJECT ADDED ENTRY--GEOGRAPHIC NAME
Geographic name República Dominicana
General subdivision Condiciones Económicas
Chronological subdivision 1500-1930
710 2# - ADDED ENTRY--CORPORATE NAME
Corporate name or jurisdiction name as entry element Banco de Reservas de la República Dominicana
830 #0 - SERIES ADDED ENTRY--UNIFORM TITLE
Uniform title Historia
Volume number/sequential designation 4
910 ## - USER-OPTION DATA (OCLC)
User-option data VMateo V.
942 ## - ADDED ENTRY ELEMENTS (KOHA)
Source of classification or shelving scheme Dewey Decimal Classification
Koha item type Libros
Existencias
Withdrawn status Lost status Source of classification or shelving scheme Damaged status Not for loan Collection code Home library Current library Date acquired Source of acquisition Full call number Barcode Date last seen Price effective from Koha item type Copy number
    Dewey Decimal Classification     Colección Dominicana Biblioteca Pública Metropolitana Salomé Ureña Biblioteca Pública Metropolitana Salomé Ureña 08/24/2021 Lourdes Delgado BPMSU CD 332.97293 J94b 1997 BPMSU21080091 08/24/2021 08/24/2021 Libros  
    Dewey Decimal Classification     Colección Dominicana Biblioteca Pública Metropolitana Salomé Ureña Biblioteca Pública Metropolitana Salomé Ureña 08/24/2021 Lourdes Delgado BPMSU CD 332.97293 J94b 1997 BPMSU21100009 10/01/2021 08/24/2021 Libros e.2
    Dewey Decimal Classification     Colección Dominicana Biblioteca Pública Metropolitana Salomé Ureña Biblioteca Pública Metropolitana Salomé Ureña 08/24/2021 Lourdes Delgado BPMSU CD 332.97293 J94b 1997 BPMSU21100010 10/01/2021 08/24/2021 Libros e.3